[Event "79th GEO-ch 2020"]
[Site "Tbilisi"]
[Date "2020.01.29"]
[Round "1.1"]
[White "Tutisani, Noe"]
[Black "Paichadze, Luka"]
[Result "0-1"]
[WhiteElo "2429"]
[BlackElo "2550"]
[Annotator "TA"]
[PlyCount "112"]
[EventDate "2020.01.29"]
[EventType "k.o."]
[EventCountry "GEO"]
[SourceTitle "playchess.com"]
[Source "ChessBase"]
[SourceQuality "1"]

{[%evp 11,112,31,18,19,29,11,39,25,30,26,30,24,37,54,57,39,56,47,37,47,37,44,51,39,52,29,19,33,14,-14,0,-7,-10,-10,-10,-6,-9,-7,-7,-7,-7,-17,0,0,0,0,-2,-62,-29,-84,-87,-188,-185,-196,-94,-94,-94,-94,-94,-94,-94,-94,-20,-20,-20,-20,-20,-20,-11,-11,-11,-11,-11,-21,-17,-25,-18,-60,-60,-85,-85,-85,-85,-92,-85,-114,-116,-160,-73,-109,-145,-101,-83,-331,-314,-378,-366,-391,-285,-285,-285,-880,-880]} 1. e4 c6 2. d4 d5 3. Nc3 dxe4 4. Nxe4 Nd7 5. Nf3 Ngf6 6. Nc3 e6 7. Bd3 {B17: Caro-Kann: Modern Line (4...Nd7)} Be7 (7... c5 8. O-O Be7 9. Qe2 O-O 10. Rd1 cxd4 11. Nxd4 Nc5 12. Bc4 Qb6 13. a4 a6 14. b3 Re8 {1-0 (143) Demchenko,A (2679)-Barbosa,O (2552) chess.com INT 2019}) 8. Qe2 O-O 9. O-O {White is slightly better.} b6 10. Rd1 Bb7 11. Ne5 Re8 $146 ({Predecessor:} 11... Qc8 12. Bg5 h6 13. Bh4 c5 14. Nxd7 Qxd7 15. Bxf6 Bxf6 16. dxc5 {½-½ (59) Gabrielian,A (2490)-Semenikhin,O (1801) Taganrog 2019}) 12. a4 Qc8 13. Bg5 Qc7 14. a5 bxa5 15. Nxd7 Nxd7 16. Bxe7 Rxe7 17. Qh5 f5 18. Bc4 {[%mdl 1024] Strongly threatening Qxf5. White has compensation.} Kh8 19. Qg5 Rae8 20. Na4 c5 21. Bb5 (21. Nxc5 {is interesting.} Nxc5 22. dxc5 Qxc5 23. b3 Bc6 24. Qe3) 21... cxd4 {[%mdl 64] Discovered Attack} 22. Rxd4 a6 23. Bxd7 Rxd7 24. Rxd7 Qxd7 25. Nc5 $132 {[%mdl 2048] White puts up resistance} Qb5 26. Nxb7 Qxb2 27. Re1 Qxb7 {[#]} 28. Qxf5 $1 $11 {[%mdl 4608] Endgame KQR-KQR} Qb4 {[%cal Rb4e1]} (28... exf5 29. Rxe8#) 29. Qe5 (29. Qe4 $11) 29... a4 $15 {[%cal Ba5a4,Ba4a3,Ba3b2][%mdl 32]} 30. c3 (30. h3 $11) 30... Qb2 $17 31. h4 (31. Re2 $17 Qb6 32. g3) 31... a3 $19 32. c4 {[#]} h6 (32... a5 $1 $19 {[%mdl 512] has better winning chances. And now ...Rb8 would win.} 33. g3 (33. Qxa5 Rf8) 33... h6) 33. Qxb2 $17 axb2 {KR-KR} 34. Rb1 Rb8 {Threatens to win with ...a5.} 35. c5 Kg8 36. c6 {[#]} Kf7 ({Black should try} 36... a5 $1 $17 37. c7 Rc8 38. Rxb2 Rxc7) 37. c7 $11 Rc8 38. Rxb2 Rxc7 39. Ra2 $1 Rc6 40. Kf1 Ke7 41. Ke2 Kd6 42. Kd3 Kc5 43. h5 Kb6 44. Rb2+ Ka7 45. Ra2 Rc5 46. g4 a5 47. Kd4 Kb6 48. f4 Kc6 49. Re2 {[#]} Rd5+ ({Better is} 49... Kd6 $1 50. Rxe6+ Kxe6 51. Kxc5 a4) 50. Kc3 Kd6 51. Rb2 Rc5+ 52. Kd4 $2 (52. Kd3 $17) 52... a4 $19 {[%cal Ba5a4,Ba4a3][%mdl 32]} 53. Ra2 Ra5 54. Ra3 {White hopes to continue with Kc4.} e5+ 55. fxe5+ Ke6 56. Rc3 $2 (56. Ke4) 56... a3 {Accuracy: White = 44%, Black = 66%.} 0-1

[Event "79th GEO-ch 2020"]
[Site "Tbilisi"]
[Date "2020.01.30"]
[Round "1.2"]
[White "Pantsulaia, Levan"]
[Black "Patsia, Zviad"]
[Result "1/2-1/2"]
[WhiteElo "2598"]
[BlackElo "2197"]
[Annotator "ChessBase"]
[PlyCount "110"]
[EventDate "2020.01.29"]
[EventType "k.o."]
[EventCountry "GEO"]
[SourceTitle "playchess.com"]
[Source "ChessBase"]
[SourceQuality "1"]
[TimeControl "40/5400+30:1800+30"]

1. c4 {[%emt 0:00:00]} Nf6 {[%emt 0:00:07]} 2. g3 {[%emt 0:00:52]} c6 {[%emt 0:00:43]} 3. Bg2 {[%emt 0:00:26]} d5 {[%emt 0:00:06]} 4. Nf3 {[%emt 0:00:06]} dxc4 {[%emt 0:00:20]} 5. O-O {[%emt 0:00:51]} Nbd7 {[%emt 0:00:45]} 6. Qc2 {[%emt 0:00:27]} Nb6 {[%emt 0:00:48]} 7. a4 {[%emt 0:00:18]} a5 {[%emt 0:00:59]} 8. Na3 {[%emt 0:00:07]} Be6 {[%emt 0:05:15]} 9. Ne5 {[%emt 0:02:14]} Qd4 {[%emt 0:12:47]} 10. Nxc6 {[%emt 0:00:44]} bxc6 {[%emt 0:00:11]} 11. Bxc6+ {[%emt 0:00:05]} Nfd7 {[%emt 0:04:04]} 12. Nb5 {[%emt 0:08:55]} Qe5 {[%emt 0:03:36]} 13. Bxa8 {[%emt 0:01:12]} Nxa8 {[%emt 0:00:05]} 14. d4 {[%emt 0:00:15]} Qh5 {[%emt 0:23:17]} 15. f3 {[%emt 0:10:33]} g6 {[%emt 0:03:26]} 16. e4 {[%emt 0:02:19]} Bg7 {[%emt 0:05:05]} 17. Bd2 {[%emt 0:13:23]} O-O {[%emt 0:00:14]} 18. Bxa5 {[%emt 0:03:00]} Bxd4+ {[%emt 0:00:31]} 19. Nxd4 {[%emt 0:00:24]} Qxa5 {[%emt 0:00:06]} 20. Nxe6 {[%emt 0:07:18]} Qb6+ {[%emt 0:00:50]} 21. Kg2 {[%emt 0:18:39]} Qxe6 {[%emt 0:00:09]} 22. Rac1 {[%emt 0:01:36]} Ne5 {[%emt 0:02:44]} 23. f4 {[%emt 0:00:11]} Nd3 {[%emt 0:00:57]} 24. Qxc4 {[%emt 0:00:06]} Nxc1 {[%emt 0:00:57]} 25. Qxe6 {[%emt 0:00:06]} fxe6 {[%emt 0:00:03]} 26. Rxc1 {[%emt 0:00:06]} Rb8 {[%emt 0:08:08]} 27. b4 {[%emt 0:00:11]} Kf7 {[%emt 0:11:50]} 28. b5 {[%emt 0:00:45]} Rb7 {[%emt 0:06:04]} 29. Rc6 {[%emt 0:01:21]} Ra7 {[%emt 0:09:50]} 30. Ra6 {[%emt 0:05:16]} Rxa6 {[%emt 0:00:09]} 31. bxa6 {[%emt 0:00:03]} Ke8 {[%emt 0:00:28]} 32. Kf3 {[%emt 0:00:28]} Kd7 {[%emt 0:00:06]} 33. Kg4 {[%emt 0:00:27]} Ke8 {[%emt 0:00:57]} 34. Kg5 {[%emt 0:02:22]} Kf7 {[%emt 0:00:05]} 35. Kh6 {[%emt 0:00:16]} Kg8 {[%emt 0:00:32]} 36. h4 {[%emt 0:01:39]} Kh8 {[%emt 0:00:03]} 37. g4 {[%emt 0:00:41]} Kg8 {[%emt 0:00:06]} 38. h5 {[%emt 0:01:12]} gxh5 {[%emt 0:00:05]} 39. Kxh5 {[%emt 0:00:04]} Kg7 {[%emt 0:00:23]} 40. g5 {[%emt 0:00:00]} Nc7 {[%emt 0:00:00]} 41. a7 {[%emt 0:03:53]} Na8 {[%emt 0:01:41]} 42. Kg4 {[%emt 0:03:27]} h6 {[%emt 0:08:53]} 43. Kf3 {[%emt 0:03:31]} Kg6 {[%emt 0:11:29]} 44. gxh6 {[%emt 0:00:36]} Kxh6 {[%emt 0:00:04]} 45. Ke3 {[%emt 0:00:48]} Kg6 {[%emt 0:00:32]} 46. Kd4 {[%emt 0:00:25]} Kf7 {[%emt 0:00:06]} 47. Kc5 {[%emt 0:02:27]} Ke8 {[%emt 0:00:06]} 48. Kc6 {[%emt 0:00:28]} Kd8 {[%emt 0:00:04]} 49. Kb7 {[%emt 0:00:20]} Kd7 {[%emt 0:00:03]} 50. a5 {[%emt 0:00:27]} Kd8 {[%emt 0:00:04]} 51. a6 {[%emt 0:01:45]} Kd7 {[%emt 0:00:03]} 52. e5 {[%emt 0:00:34]} Kd8 {[%emt 0:00:02]} 53. Kxa8 {[%emt 0:00:20]} Kc8 {[%emt 0:00:04]} 54. f5 {[%emt 0:00:08]} exf5 {[%emt 0:00:03]} 55. e6 {[%emt 0:00:04]} Kc7 {[%emt 0:00:02]} 1/2-1/2

[Event "79th GEO-ch 2020"]
[Site "Tbilisi"]
[Date "2020.01.30"]
[Round "1.2"]
[White "Jojua, Davit"]
[Black "Morchiashvili, Bachana"]
[Result "0-1"]
[WhiteElo "2563"]
[BlackElo "2312"]
[Annotator "RC"]
[PlyCount "182"]
[EventDate "2020.01.29"]
[EventType "k.o."]
[EventCountry "GEO"]
[SourceTitle "playchess.com"]
[Source "ChessBase"]
[SourceQuality "1"]
[TimeControl "40/5400+30:1800+30"]

1. d4 {[%emt 0:00:00]} g6 {[%emt 0:00:00]} 2. c4 {[%emt 0:00:44]} Bg7 {[%emt 0:00:24]} 3. Nc3 {[%emt 0:00:04]} d6 {[%emt 0:02:00]} 4. Nf3 {[%emt 0:01:40]} Bg4 {[%emt 0:06:54]} 5. g3 {[%emt 0:07:27]} Bxf3 {[%emt 0:04:09]} 6. exf3 {[%emt 0:00:03]} Nc6 {[%emt 0:00:10]} 7. d5 {[%emt 0:04:23]} Nd4 {[%emt 0:00:10]} 8. Bg2 {[%emt 0:04:43]} c5 {[%emt 0:03:45]} 9. dxc6 {[%emt 0:00:20]} bxc6 {[%emt 0:01:34]} 10. O-O {[%emt 0:05:07]} c5 {[%emt 0:11:53]} 11. Ne2 {[%emt 0:15:31]} Nf5 {[%emt 0:16:18]} 12. Bh3 {[%emt 0:08:17]} Nf6 {[%emt 0:10:23]} 13. Bxf5 {[%emt 0:09:12]} gxf5 {[%emt 0:00:02]} 14. Qd3 {[%emt 0:00:33]} Qc8 {[%emt 0:04:24]} 15. Re1 {[%emt 0:11:25]} O-O {[%emt 0:03:52]} 16. Nc3 {[%emt 0:03:39]} e6 {[%emt 0:07:38]} 17. Bg5 {[%emt 0:08:02]} Rb8 {[%emt 0:03:50]} 18. b3 {[%emt 0:05:56]} Rb6 {[%emt 0:02:19]} 19. Rad1 {[%emt 0:03:47]} a6 {[%emt 0:09:34]} 20. Qe3 {[%emt 0:01:15]} Qb7 {[%emt 0:05:59]} 21. Bh6 {[%emt 0:02:09]} Bxh6 {[%emt 0:01:00]} 22. Qxh6 {[%emt 0:00:01]} Ne8 {[%emt 0:00:26]} 23. Rd3 {[%emt 0:01:43]} Ng7 {[%emt 0:02:01]} 24. Qd2 {[%emt 0:02:32]} Rc6 {[%emt 0:01:38]} 25. Kg2 {[%emt 0:01:19]} Qe7 {[%emt 0:00:38]} 26. Rd1 {[%emt 0:01:40]} Qf6 {[%emt 0:00:18]} 27. Qe3 {[%emt 0:01:08]} Rd8 {[%emt 0:01:34]} 28. f4 {[%emt 0:00:06]} Ne8 {[%emt 0:00:20]} 29. Qf3 {[%emt 0:00:23]} Rdc8 {[%emt 0:00:18]} 30. Re1 {[%emt 0:00:43]} Qd8 {[%emt 0:00:31]} 31. Red1 {[%emt 0:00:57]} Nf6 {[%emt 0:00:24]} 32. R1d2 {[%emt 0:00:08]} Qc7 {[%emt 0:00:29]} 33. Kg1 {[%emt 0:00:26]} Kg7 {[%emt 0:00:07]} 34. Qd1 {[%emt 0:00:49]} Rd8 {[%emt 0:00:20]} 35. Qf3 {[%emt 0:00:07]} h5 {[%emt 0:00:16]} 36. h3 {[%emt 0:00:39]} Rb6 {[%emt 0:00:33]} 37. Kf1 {[%emt 0:00:52]} Qc6 {[%emt 0:00:45]} 38. Kg2 {[%emt 0:00:36]} Kf8 {[%emt 0:00:23]} 39. Na4 {[%emt 0:00:29]} Qxf3+ {[%emt 0:00:10]} 40. Kxf3 {[%emt 0:00:00]} Rc6 {[%emt 0:00:00]} 41. Nc3 {[%emt 0:01:21]} Ke7 {[%emt 0:02:08]} 42. h4 {[%emt 0:02:28]} Kd7 {[%emt 0:01:34]} 43. Rd1 {[%emt 0:01:48]} Kc7 {[%emt 0:01:34]} 44. Ke3 {[%emt 0:02:13]} Rb6 {[%emt 0:00:46]} 45. Na4 {[%emt 0:03:01]} Rbb8 {[%emt 0:01:28]} 46. f3 {[%emt 0:00:09]} Ng8 {[%emt 0:01:51]} 47. R3d2 {[%emt 0:03:11]} Ne7 {[%emt 0:00:29]} 48. Nc3 {[%emt 0:00:57]} Nc6 {[%emt 0:00:35]} 49. Kf2 {[%emt 0:01:57]} Nd4 {[%emt 0:03:19]} 50. Rd3 {[%emt 0:03:07]} Kc6 {[%emt 0:01:34]} 51. Rg1 {[%emt 0:02:56]} Rg8 {[%emt 0:03:03]} 52. Rd2 {[%emt 0:00:33]} Rg6 {[%emt 0:02:05]} 53. Rdd1 {[%emt 0:01:02]} Rbg8 {[%emt 0:01:47]} 54. Rde1 {[%emt 0:00:40]} Kd7 {[%emt 0:00:41]} 55. Na4 {[%emt 0:02:25]} Kc6 {[%emt 0:03:53]} 56. Nc3 {[%emt 0:00:05]} Rb8 {[%emt 0:00:54]} 57. Rd1 {[%emt 0:00:52]} Rg7 {[%emt 0:01:12]} 58. Rde1 {[%emt 0:00:37]} Rgg8 {[%emt 0:01:04]} 59. Re3 {[%emt 0:01:27]} Rb4 {[%emt 0:00:18]} 60. Rd3 {[%emt 0:01:03]} a5 {[%emt 0:00:16]} 61. Rgd1 {[%emt 0:01:19]} Ra8 {[%emt 0:01:44]} 62. Nb5 {[%emt 0:04:34]} Rxb5 {[%emt 0:01:01]} 63. cxb5+ {[%emt 0:00:01]} Kxb5 {[%emt 0:01:51]} 64. Rb1 {[%emt 0:01:34]} d5 {[%emt 0:01:23]} 65. Rc3 {[%emt 0:01:14]} Kb4 {[%emt 0:02:13]} 66. Rcc1 {[%emt 0:01:14]} Rc8 {[%emt 0:01:05]} 67. Rg1 {[%emt 0:01:40]} Ka3 {[%emt 0:01:55]} 68. g4 {[%emt 0:00:48]} fxg4 {[%emt 0:00:29]} 69. fxg4 {[%emt 0:00:01]} hxg4 {[%emt 0:00:06]} 70. Rxg4 {[%emt 0:00:19]} Kxa2 {[%emt 0:00:17]} 71. Rh1 {[%emt 0:00:21]} Rh8 {[%emt 0:03:09]} 72. h5 {[%emt 0:01:17]} Nf5 {[%emt 0:01:01]} 73. Rh3 {[%emt 0:00:01]} d4 {[%emt 0:00:48]} 74. Rg1 {[%emt 0:00:27]} Kb2 {[%emt 0:00:32]} 75. Re1 {[%emt 0:00:57]} Ne3 {[%emt 0:00:32]} 76. Rg1 {[%emt 0:00:52]} Rh6 {[%emt 0:00:41]} 77. Rg7 {[%emt 0:00:03]} Kxb3 {[%emt 0:00:29]} 78. Rxf7 {[%emt 0:00:01]} c4 {[%emt 0:00:17]} 79. Rd7 {[%emt 0:00:57]} Kc3 {[%emt 0:00:15]} 80. Rd6 {[%emt 0:00:19]} a4 {[%emt 0:01:12]} 81. f5 {[%emt 0:00:01]} a3 {[%emt 0:00:42]} 82. fxe6 {[%emt 0:00:48]} a2 {[%emt 0:00:03]} 83. Ra6 {[%emt 0:00:12]} Rf6+ {[%emt 0:00:09]} 84. Kg3 {[%emt 0:01:33]} Rxe6 {[%emt 0:00:06]} 85. Rxa2 {[%emt 0:00:10]} d3 {[%emt 0:00:22]} 86. Kf4 {[%emt 0:00:54]} d2 {[%emt 0:00:53]} 87. Ra1 {[%emt 0:00:18]} Kb2 {[%emt 0:00:19]} 88. Rah1 {[%emt 0:00:46]} Ng2+ {[%emt 0:01:08]} 89. Kg3 {[%emt 0:00:30]} Re1 {[%emt 0:00:35]} 90. h6 {[%emt 0:00:27]} d1=Q {[%emt 0:00:07]} 91. h7 {[%emt 0:00:17]} Re3+ {[%emt 0:00:38]} 0-1

[Event "79th GEO-ch 2020"]
[Site "Tbilisi"]
[Date "2020.01.30"]
[Round "1.2"]
[White "Paichadze, Luka"]
[Black "Tutisani, Noe"]
[Result "1/2-1/2"]
[WhiteElo "2550"]
[BlackElo "2429"]
[Annotator "ChessBase"]
[PlyCount "113"]
[EventDate "2020.01.29"]
[EventType "k.o."]
[EventCountry "GEO"]
[SourceTitle "playchess.com"]
[Source "ChessBase"]
[SourceQuality "1"]
[TimeControl "40/5400+30:1800+30"]

1. e4 {[%emt 0:00:00]} d5 {[%emt 0:00:46]} 2. exd5 {[%emt 0:00:00]} Qxd5 {[%emt 0:00:06]} 3. Nc3 {[%emt 0:00:00]} Qa5 {[%emt 0:00:08]} 4. d4 {[%emt 0:02:30]} Nf6 {[%emt 0:00:08]} 5. Be3 {[%emt 0:03:41]} Bf5 {[%emt 0:03:56]} 6. Bb5+ {[%emt 0:06:18]} c6 {[%emt 0:03:00]} 7. Bd3 {[%emt 0:00:06]} e6 {[%emt 0:02:20]} 8. Nge2 {[%emt 0:03:56]} Nbd7 {[%emt 0:01:49]} 9. O-O {[%emt 0:01:02]} O-O-O {[%emt 0:11:01]} 10. a3 {[%emt 0:02:29]} Bxd3 {[%emt 0:03:16]} 11. cxd3 {[%emt 0:02:02]} Nb6 {[%emt 0:04:55]} 12. Qc2 {[%emt 0:16:49]} Nbd5 {[%emt 0:08:08]} 13. b4 {[%emt 0:04:38]} Qc7 {[%emt 0:00:28]} 14. h3 {[%emt 0:01:55]} Nxc3 {[%emt 0:19:44]} 15. Nxc3 {[%emt 0:00:10]} Nd5 {[%emt 0:00:07]} 16. Rfc1 {[%emt 0:00:55]} Kb8 {[%emt 0:05:32]} 17. Qd2 {[%emt 0:11:27]} Nxc3 {[%emt 0:04:31]} 18. Rxc3 {[%emt 0:02:25]} Rd5 {[%emt 0:00:05]} 19. Rb1 {[%emt 0:00:12]} Qd7 {[%emt 0:00:16]} 20. a4 {[%emt 0:00:59]} Bd6 {[%emt 0:05:24]} 21. Rcb3 {[%emt 0:02:06]} Rd8 {[%emt 0:06:04]} 22. b5 {[%emt 0:01:10]} cxb5 {[%emt 0:01:21]} 23. Rxb5 {[%emt 0:01:51]} Rxb5 {[%emt 0:00:35]} 24. axb5 {[%emt 0:08:14]} Bc7 {[%emt 0:01:11]} 25. Qc3 {[%emt 0:08:31]} Rc8 {[%emt 0:04:30]} 26. Qb2 {[%emt 0:00:45]} Qd5 {[%emt 0:00:29]} 27. Rc1 {[%emt 0:00:38]} Bd6 {[%emt 0:01:56]} 28. Rxc8+ {[%emt 0:03:25]} Kxc8 {[%emt 0:00:05]} 29. Qc2+ {[%emt 0:01:04]} Kb8 {[%emt 0:00:20]} 30. Qa4 {[%emt 0:00:12]} f6 {[%emt 0:04:07]} 31. Kf1 {[%emt 0:00:49]} g5 {[%emt 0:02:22]} 32. Bd2 {[%emt 0:03:28]} Bc7 {[%emt 0:01:32]} 33. Qb4 {[%emt 0:04:30]} Qd6 {[%emt 0:01:23]} 34. Qc4 {[%emt 0:02:22]} Bb6 {[%emt 0:00:15]} 35. Bc3 {[%emt 0:00:14]} h5 {[%emt 0:00:44]} 36. Ke2 {[%emt 0:00:40]} f5 {[%emt 0:01:00]} 37. Bd2 {[%emt 0:02:56]} Bxd4 {[%emt 0:02:53]} 38. Bxg5 {[%emt 0:00:18]} f4 {[%emt 0:00:49]} 39. Kf3 {[%emt 0:01:25]} e5 {[%emt 0:00:05]} 40. g3 {[%emt 0:00:00]} fxg3 {[%emt 0:00:00]} 41. fxg3 {[%emt 0:16:40]} Qg6 {[%emt 0:03:38]} 42. Be7 {[%emt 0:00:19]} Qf5+ {[%emt 0:14:05]} 43. Ke2 {[%emt 0:00:09]} Qd7 {[%emt 0:05:17]} 44. Bb4 {[%emt 0:01:55]} b6 {[%emt 0:03:30]} 45. Kd2 {[%emt 0:01:52]} a6 {[%emt 0:03:31]} 46. bxa6 {[%emt 0:00:13]} Ka7 {[%emt 0:00:04]} 47. Bc3 {[%emt 0:03:21]} Qxh3 {[%emt 0:00:59]} 48. Qf7+ {[%emt 0:05:19]} Kxa6 {[%emt 0:00:05]} 49. Qa2+ {[%emt 0:00:35]} Kb7 {[%emt 0:00:09]} 50. Qd5+ {[%emt 0:00:09]} Ka7 {[%emt 0:00:52]} 51. Bxd4 {[%emt 0:01:03]} exd4 {[%emt 0:01:05]} 52. Qxd4 {[%emt 0:00:25]} Qg2+ {[%emt 0:00:14]} 53. Kc3 {[%emt 0:00:08]} Qxg3 {[%emt 0:00:10]} 54. Qd7+ {[%emt 0:00:07]} Ka6 {[%emt 0:00:51]} 55. Qc8+ {[%emt 0:00:19]} Ka5 {[%emt 0:00:25]} 56. Qa8+ {[%emt 0:00:14]} Kb5 {[%emt 0:00:06]} 57. Qd5+ {[%emt 0:00:17]} 1/2-1/2

[Event "79th GEO-ch 2020"]
[Site "Tbilisi"]
[Date "2020.01.29"]
[Round "1.2"]
[White "Sturua, Zurab"]
[Black "Sanikidze, Tornike"]
[Result "0-1"]
[WhiteElo "2530"]
[BlackElo "2451"]
[Annotator "TA"]
[PlyCount "80"]
[EventDate "2020.01.29"]
[EventType "k.o."]
[EventCountry "GEO"]
[SourceTitle "playchess.com"]
[Source "ChessBase"]
[SourceQuality "1"]

{[%evp 19,80,65,61,51,60,54,72,54,91,100,110,54,66,72,66,68,83,60,88,81,93,92,85,69,71,84,83,87,129,135,103,125,111,127,124,108,96,39,17,0,0,-43,0,0,0,0,0,0,0,-257,-239,-253,-241,-245,-236,-325,-259,-234,-238,-419,-426,-479,-467]} 1. c4 g6 2. Nc3 Bg7 3. g3 c5 4. Bg2 Nc6 5. Nf3 Nf6 6. d4 cxd4 7. Nxd4 O-O 8. O-O Ng4 9. e3 Nge5 10. b3 d6 11. Nde2 {A39: Symmetrical English vs ...g6: 4 Bg2 Bg7 5 Nf3 Nf6 6 0-0 0-0 7 d4} (11. Bb2 Bg4 12. f3 Bd7 13. Qd2 a6 14. f4 Nxd4 15. exd4 Nc6 16. d5 Na5 17. Kh1 b5 18. cxb5 axb5 19. Ne2 Bxb2 20. Qxb2 b4 {1-0 (36) Meier,G (2663)-Fier,A (2625) Paris 2010}) 11... Bg4 12. f3 Bd7 13. h3 {White is better.} Na5 14. f4 Nec6 15. Bd2 $146 ({White should try} 15. Qd2 $16) ({Predecessor:} 15. Rb1 a6 16. Kh2 Rb8 17. a4 Na7 18. e4 b5 19. Be3 N5c6 20. axb5 axb5 {½-½ (42) Schulze,U (2320)-Gheng,J (2315) Germany 2009}) 15... a6 $14 16. Rc1 Rb8 17. Ne4 b6 18. Bc3 Bxc3 19. N2xc3 Nb7 20. Qd2 Nc5 21. g4 Nb4 22. Rfd1 a5 23. Nf2 b5 24. cxb5 Bxb5 25. Nxb5 Rxb5 26. g5 Rb8 27. Ng4 h5 28. Nh6+ (28. gxh6 $16 {Black must now prevent Qb2.} f6 29. e4) 28... Kh7 29. Nxf7 Qb6 $1 ({But not} 29... Rxf7 $2 30. Rxc5 $1 {[%mdl 512]} dxc5 31. Qxd8 $18) 30. Nh6 (30. Nxd6 $5 exd6 31. Qxd6 Qxd6 32. Rxd6 $14) 30... Ncd3 {Strongly threatening ...Nxf4.} (30... Rxf4 $5 31. Re1 Rff8 $17) 31. a3 Nxc1 32. Rxc1 Na6 $36 {[%mdl 2048] And now ...Nc5 would win. Black is more active.} 33. Rc6 Qa7 34. Qd4 $2 {[%mdl 8192]} (34. f5 $11 {and White is okay.} Rxb3 35. fxg6+ Kg7 36. Rc3) 34... Qxd4 $19 35. exd4 Rxf4 36. Rxa6 {Black should prevent Ra7.} Rxb3 37. Rxa5 Rxd4 38. Ra7 {[#]} Re3 $1 {[%mdl 1024] Black has strong compensation.} 39. Kf2 $2 (39. h4 Re5 40. Nf7) 39... Re5 40. Bf3 Kg7 {Accuracy: White = 49%, Black = 80%.} 0-1

[Event "79th GEO-ch 2020"]
[Site "Tbilisi"]
[Date "2020.01.30"]
[Round "1.2"]
[White "Shanava, Konstantine"]
[Black "Quparadze, Giga"]
[Result "0-1"]
[WhiteElo "2507"]
[BlackElo "2462"]
[Annotator "RC"]
[PlyCount "58"]
[EventDate "2020.01.29"]
[EventType "k.o."]
[EventCountry "GEO"]
[SourceTitle "playchess.com"]
[Source "ChessBase"]
[SourceQuality "1"]
[TimeControl "40/5400+30:1800+30"]

1. e4 {[%emt 0:00:00]} c5 {[%emt 0:00:00]} 2. Nf3 {[%emt 0:00:00]} Nc6 {[%emt 0:00:00]} 3. d4 {[%emt 0:00:03]} cxd4 {[%emt 0:00:00]} 4. Nxd4 {[%emt 0:00:02]} Qc7 {[%emt 0:00:00]} 5. Nc3 {[%emt 0:00:05]} e6 {[%emt 0:00:00]} 6. Nb3 {[%emt 0:03:17]} Nf6 {[%emt 0:00:19]} 7. Bd3 {[%emt 0:00:06]} a6 {[%emt 0:02:36]} 8. f4 {[%emt 0:02:49]} b5 {[%emt 0:01:15]} 9. O-O {[%emt 0:09:17]} h5 {[%emt 0:01:45]} 10. Kh1 {[%emt 0:03:30]} d6 {[%emt 0:00:18]} 11. Be3 {[%emt 0:00:58]} h4 {[%emt 0:00:27]} 12. Qf3 {[%emt 0:01:02]} h3 {[%emt 0:04:13]} 13. g4 {[%emt 0:01:00]} Bb7 {[%emt 0:00:20]} 14. g5 {[%emt 0:03:02]} Nd7 {[%emt 0:00:04]} 15. Kg1 {[%emt 0:03:17]} Nc5 {[%emt 0:02:44]} 16. a3 {[%emt 0:15:02]} g6 {[%emt 0:01:43]} 17. Nxc5 {[%emt 0:08:12]} dxc5 {[%emt 0:00:07]} 18. Qf2 {[%emt 0:00:06]} Nd4 {[%emt 0:04:30]} 19. Bxd4 {[%emt 0:15:14]} cxd4 {[%emt 0:00:06]} 20. Nb1 {[%emt 0:00:02]} e5 {[%emt 0:01:18]} 21. fxe5 {[%emt 0:09:11]} Rh5 {[%emt 0:00:07]} 22. Kh1 {[%emt 0:11:48]} Rxg5 {[%emt 0:01:46]} 23. Nd2 {[%emt 0:00:04]} Rg2 {[%emt 0:02:09]} 24. Qe1 {[%emt 0:00:40]} Qxe5 {[%emt 0:00:10]} 25. Nf3 {[%emt 0:00:04]} Qf4 {[%emt 0:00:16]} 26. Rf2 {[%emt 0:02:46]} f5 {[%emt 0:00:09]} 27. exf5+ {[%emt 0:10:15]} Kd8 28. Rxg2 {[%emt 0:01:31]} Qxf3 {[%emt 0:00:48]} 29. Qh4+ {[%emt 0:00:05]} Kc8 {[%emt 0:00:15]} 0-1